All Poptropica Islands - January 2025 - Statistics

General Stats
  • This quiz has been taken 89 times
  • The average score is 28 of 53
Answer Stats
Answer % Correct
24 Carrot
87%
Early Poptropica
87%
Shark Tooth
87%
Big Nate
84%
Reality TV
84%
Reality TV
84%
Spy
84%
Nabooti
81%
Super Power
81%
Skullduggery
74%
Astro Knights
71%
Time Tangled
71%
Mythology
68%
Shrink Ray
68%
Wimpy Boardwalk
65%
Counterfeit
61%
Super Villain
61%
Wimpy Wonderland
61%
Steamworks
58%
Wild West
58%
Game Show
55%
Mystery Train
55%
Arabian Nights
52%
Cryptids
52%
Night Watch
52%
Red Dragon
52%
Survival
52%
Timmy Failure
52%
Twisted Thicket
48%
Zomberry
48%
Escape from Pelican Rock
45%
Great Pumpkin
45%
SOS
45%
Vampire's Curse
45%
Back Lot
42%
Ghost Story
42%
Mocktropica
42%
Poptropicon
42%
Charlie and the Chocolate Factory
39%
Monkey Wrench
39%
Monster Carnival
35%
Mystery of the Map
35%
Poptropolis Games
35%
Virus Hunter
35%
Fairytale
32%
Galactic Hot Dogs
32%
Goofball
29%
Jade Scarab
26%
Lunar Colony
26%
Greek Sea Odyssey
19%
Mission Atlantis
19%
Crisis Caverns
16%
Snagglemast
13%
No matching quizzes found
Score Distribution
Percent of People with Each Score
Percentile by Number Answered
Your Score History
You have not taken this quiz